000 00583nam a2200193Ia 4500
005 20250326144827.0
008 250326s9999 xx 000 0 und d
020 _a1-85788-287-3
037 _aTextbook
040 _aFMSL
_beng
_cFMSL
041 _aeng
_2eng
084 _aX:74 P1
_qFMSL
100 _aStewart T A
_9750167
245 0 _aWealth of knowledge : intellectural capital and the twenty-first century organizaion
_cStewart T A
260 _aLondon
_bLondon, Nicholas Brealey
_c2001
300 _axx,379
942 _cTB
_hX:74 P1
999 _c1305222
_d1305222